MARC

LEADER 00000nbm0a2200000 4500
001 143681
005 20231031143310.0
035 |a (RuTPU)RU\TPU\book\155710 
090 |a 143681 
100 |a 20080922d1966 k y0rusy50 ca 
101 0 |a rus 
102 |a RU 
105 |a a m 001zy 
200 1 |a Региональный эпигенез и метагенез каменноугольных и пермских отложений Кузнецкого бассейна  |e Диссертация на соискание ученой степени кандидата геолого - минералогических наук  |f А. В. Ван  |g Сибирский научно-исследовательский институт геологии, геофизики и минерального сырья (СНИИГГиМС) 
210 |a Новосибирск  |c [Б. и.]  |d 1966 
215 |a 245 л.  |c ил. 
320 |a Библиогр.: с. 230 - 245. 
610 1 |a Кузнецкий бассейн 
610 1 |a пермские отложения 
610 1 |a каменноугольные отложения 
610 1 |a эпигенез 
610 1 |a метагенез 
610 1 |a геологическое строение 
610 1 |a литолого-минералогическая характеристика 
610 1 |a типы пород 
610 1 |a особенности 
610 1 |a минералы 
610 1 |a зональность 
610 1 |a геологическое изучение 
610 1 |a диссертации 
675 |a 551.7(04)  |v 3 
700 1 |a Ван  |b А. В. 
712 0 2 |a Сибирский научно-исследовательский институт геологии, геофизики и минерального сырья (СНИИГГиМС)  |c (Новосибирск)  |2 stltpush  |3 (RuTPU)RU\TPU\col\322 
801 1 |a RU  |b 63413507  |c 20080922  |g PSBO 
801 2 |a RU  |b 63413507  |c 20130919  |g RCR 
942 |c BK